|
|
|
|
| LEADER |
00000nam0a2200000 4500 |
| 001 |
143812 |
| 005 |
20231101221043.0 |
| 035 |
|
|
|a (RuTPU)RU\TPU\book\155847
|
| 035 |
|
|
|a RU\TPU\book\155839
|
| 090 |
|
|
|a 143812
|
| 100 |
|
|
|a 20080924d1987 k y0rusy50 ca
|
| 101 |
0 |
|
|a rus
|
| 102 |
|
|
|a RU
|
| 105 |
|
|
|a a z 000zy
|
| 200 |
1 |
|
|a Общемашиностроительные нормативы времени на холодную штамповку, резку, высадку и обрезку. Массовое, крупносерийное, среднесерийное и мелкосерийное производство. ОНВ
|f Государственный комитет СССР по труду и социальным вопросам
|
| 210 |
|
|
|a Москва
|c Экономика
|d 1987
|
| 215 |
|
|
|a 190 с.
|c ил.
|
| 610 |
1 |
|
|a нормативы времени
|
| 610 |
1 |
|
|a ОНВ
|
| 610 |
1 |
|
|a холодная штамповка
|
| 610 |
1 |
|
|a резка
|
| 610 |
1 |
|
|a высадка
|
| 610 |
1 |
|
|a обрезка
|
| 675 |
|
|
|a 621.7(083)
|v 3
|
| 712 |
0 |
1 |
|a СССР
|b Государственный комитет по труду и социальным вопросам
|c (1976-1991)
|2 stltpush
|3 (RuTPU)RU\TPU\col\9282
|9 24669
|
| 801 |
|
1 |
|a RU
|b 63413507
|c 20050516
|g PSBO
|
| 801 |
|
2 |
|a RU
|b 63413507
|c 20221207
|g PSBO
|
| 942 |
|
|
|c BK
|